<?xml version="1.0" encoding="UTF-8"?>
<record
    xmlns:xsi="http://www.w3.org/2001/XMLSchema-instance"
    xsi:schemaLocation="http://www.loc.gov/MARC21/slim http://www.loc.gov/standards/marcxml/schema/MARC21slim.xsd"
    xmlns="http://www.loc.gov/MARC21/slim">

  <leader>00794nam a22001937a 4500</leader>
  <controlfield tag="005">20231229143807.0</controlfield>
  <datafield tag="010" ind1=" " ind2=" ">
    <subfield code="a">B-756274-279</subfield>
  </datafield>
  <datafield tag="020" ind1=" " ind2=" ">
    <subfield code="a">9789393393197</subfield>
    <subfield code="c">1500.00</subfield>
  </datafield>
  <datafield tag="035" ind1=" " ind2=" ">
    <subfield code="a">B-756274-279</subfield>
  </datafield>
  <datafield tag="037" ind1=" " ind2=" ">
    <subfield code="a">Bloomsbury Publishing India Pvt. Ltd</subfield>
  </datafield>
  <datafield tag="082" ind1=" " ind2=" ">
    <subfield code="a">371.73</subfield>
  </datafield>
  <datafield tag="100" ind1=" " ind2=" ">
    <subfield code="a">Khan, Salman Ahmed </subfield>
    <subfield code="9">60443</subfield>
  </datafield>
  <datafield tag="245" ind1=" " ind2=" ">
    <subfield code="a">Physical Education/</subfield>
    <subfield code="b">For all competitive exams </subfield>
    <subfield code="c">by Salman Ahmed Khan </subfield>
  </datafield>
  <datafield tag="260" ind1=" " ind2=" ">
    <subfield code="a">New Delhi </subfield>
    <subfield code="b">Khel Sahitya Kendra </subfield>
    <subfield code="c">2022</subfield>
  </datafield>
  <datafield tag="270" ind1=" " ind2=" ">
    <subfield code="a">7/26, Ansari Road, Darya Ganj, </subfield>
    <subfield code="b">New Delhi </subfield>
    <subfield code="e">110002</subfield>
  </datafield>
  <datafield tag="300" ind1=" " ind2=" ">
    <subfield code="a">317p.</subfield>
    <subfield code="c">24cm(Hb)</subfield>
  </datafield>
  <datafield tag="942" ind1=" " ind2=" ">
    <subfield code="2">ddc</subfield>
    <subfield code="c">EN</subfield>
    <subfield code="h">371.73</subfield>
    <subfield code="m">KHA</subfield>
  </datafield>
  <datafield tag="999" ind1=" " ind2=" ">
    <subfield code="c">199480</subfield>
    <subfield code="d">199480</subfield>
  </datafield>
  <datafield tag="952" ind1=" " ind2=" ">
    <subfield code="0">0</subfield>
    <subfield code="1">0</subfield>
    <subfield code="4">0</subfield>
    <subfield code="7">0</subfield>
    <subfield code="8">NFIC</subfield>
    <subfield code="a">L</subfield>
    <subfield code="b">L</subfield>
    <subfield code="d">2023-12-29</subfield>
    <subfield code="e">Bharatiya Sahitya Bhavan/IN185/29.11.23/26/.23.11.23/1.12.23</subfield>
    <subfield code="g">1500.00</subfield>
    <subfield code="l">0</subfield>
    <subfield code="o">371.73 KHA</subfield>
    <subfield code="p">B-756274</subfield>
    <subfield code="r">2023-12-29 00:00:00</subfield>
    <subfield code="t">1</subfield>
    <subfield code="v">1500.00</subfield>
    <subfield code="w">2023-12-29</subfield>
    <subfield code="y">EN</subfield>
  </datafield>
  <datafield tag="952" ind1=" " ind2=" ">
    <subfield code="0">0</subfield>
    <subfield code="1">0</subfield>
    <subfield code="4">0</subfield>
    <subfield code="7">0</subfield>
    <subfield code="8">NFIC</subfield>
    <subfield code="a">M</subfield>
    <subfield code="b">M</subfield>
    <subfield code="d">2023-12-29</subfield>
    <subfield code="e">Bharatiya Sahitya Bhavan/IN185/29.11.23/26/.23.11.23/1.12.23</subfield>
    <subfield code="g">1500.00</subfield>
    <subfield code="l">0</subfield>
    <subfield code="o">371.73 KHA</subfield>
    <subfield code="p">B-756275</subfield>
    <subfield code="r">2023-12-29 00:00:00</subfield>
    <subfield code="t">1</subfield>
    <subfield code="v">1500.00</subfield>
    <subfield code="w">2023-12-29</subfield>
    <subfield code="y">EN</subfield>
  </datafield>
  <datafield tag="952" ind1=" " ind2=" ">
    <subfield code="0">0</subfield>
    <subfield code="1">0</subfield>
    <subfield code="4">0</subfield>
    <subfield code="7">0</subfield>
    <subfield code="8">NFIC</subfield>
    <subfield code="a">AV</subfield>
    <subfield code="b">AV</subfield>
    <subfield code="d">2023-12-29</subfield>
    <subfield code="e">Bharatiya Sahitya Bhavan/IN185/29.11.23/26/.23.11.23/1.12.23</subfield>
    <subfield code="g">1500.00</subfield>
    <subfield code="l">0</subfield>
    <subfield code="o">371.73 KHA</subfield>
    <subfield code="p">B-756276</subfield>
    <subfield code="r">2023-12-29 00:00:00</subfield>
    <subfield code="t">1</subfield>
    <subfield code="v">1500.00</subfield>
    <subfield code="w">2023-12-29</subfield>
    <subfield code="y">EN</subfield>
  </datafield>
  <datafield tag="952" ind1=" " ind2=" ">
    <subfield code="0">0</subfield>
    <subfield code="1">0</subfield>
    <subfield code="4">0</subfield>
    <subfield code="7">0</subfield>
    <subfield code="8">NFIC</subfield>
    <subfield code="a">BL1</subfield>
    <subfield code="b">BL1</subfield>
    <subfield code="d">2023-12-29</subfield>
    <subfield code="e">Bharatiya Sahitya Bhavan/IN185/29.11.23/26/.23.11.23/1.12.23</subfield>
    <subfield code="g">1500.00</subfield>
    <subfield code="l">0</subfield>
    <subfield code="o">371.73 KHA</subfield>
    <subfield code="p">B-756277</subfield>
    <subfield code="r">2023-12-29 00:00:00</subfield>
    <subfield code="t">1</subfield>
    <subfield code="v">1500.00</subfield>
    <subfield code="w">2023-12-29</subfield>
    <subfield code="y">EN</subfield>
  </datafield>
  <datafield tag="952" ind1=" " ind2=" ">
    <subfield code="0">0</subfield>
    <subfield code="1">0</subfield>
    <subfield code="4">0</subfield>
    <subfield code="7">0</subfield>
    <subfield code="8">NFIC</subfield>
    <subfield code="a">ZLS</subfield>
    <subfield code="b">ZLS</subfield>
    <subfield code="d">2023-12-29</subfield>
    <subfield code="e">Bharatiya Sahitya Bhavan/IN185/29.11.23/26/.23.11.23/1.12.23</subfield>
    <subfield code="g">1500.00</subfield>
    <subfield code="l">0</subfield>
    <subfield code="o">371.73 KHA</subfield>
    <subfield code="p">B-756278</subfield>
    <subfield code="r">2023-12-29 00:00:00</subfield>
    <subfield code="t">1</subfield>
    <subfield code="v">1500.00</subfield>
    <subfield code="w">2023-12-29</subfield>
    <subfield code="y">EN</subfield>
  </datafield>
  <datafield tag="952" ind1=" " ind2=" ">
    <subfield code="0">0</subfield>
    <subfield code="1">0</subfield>
    <subfield code="4">0</subfield>
    <subfield code="7">0</subfield>
    <subfield code="8">NFIC</subfield>
    <subfield code="a">BL4</subfield>
    <subfield code="b">BL4</subfield>
    <subfield code="d">2023-12-29</subfield>
    <subfield code="e">Bharatiya Sahitya Bhavan/IN185/29.11.23/26/.23.11.23/1.12.23</subfield>
    <subfield code="g">1500.00</subfield>
    <subfield code="l">0</subfield>
    <subfield code="o">371.73 KHA</subfield>
    <subfield code="p">B-756279</subfield>
    <subfield code="r">2023-12-29 00:00:00</subfield>
    <subfield code="t">1</subfield>
    <subfield code="v">1500.00</subfield>
    <subfield code="w">2023-12-29</subfield>
    <subfield code="y">EN</subfield>
  </datafield>
</record>
